书目信息 |
| 题名: |
星学宝典:《天官历书》与中国文化
|
|
| 作者: | 郑慧生 著 | |
| 分册: | ||
| 出版信息: | 开封 河南大学出版社 1998.08 |
|
| 页数: | 257页 | |
| 开本: | 20cm | |
| 丛书名: | ||
| 单 册: | ||
| 中图分类: | B992.2 | |
| 科图分类: | ||
| 主题词: | 迷信术数 , 陀罗尼 | |
| 电子资源: | ||
| ISBN: | 7-81041-509-3 | |
| 000 | 00638nam0 2200205 450 | |
| 001 | 1532052658 | |
| 005 | 20150421085731.24 | |
| 010 | @a7-81041-509-3@dCNY22.00 | |
| 100 | @a20150421d1998 km y0chiy0120 ea | |
| 101 | 0 | @achi |
| 102 | @aCN | |
| 200 | 1 | @a星学宝典:《天官历书》与中国文化@Axing xue bao dian:《tian guan li shu》yu zhong guo wen hua@f郑慧生著@Fzheng hui sheng zhu |
| 210 | @a开封@c河南大学出版社@d1998.08 | |
| 215 | @a257页@d20cm | |
| 606 | 0 | @a迷信术数 |
| 606 | 0 | @a陀罗尼 |
| 690 | @aB992.2@v4 | |
| 701 | 0 | @a郑慧生@Azheng hui sheng@4著 |
| 801 | 0 | @aCN@b大连网信软件有限公司图书馆·11@c20150421 |
| 905 | @aZUCC@dB992.2@eZ433 | |
| 星学宝典:《天官历书》与中国文化/郑慧生著.-开封:河南大学出版社,1998.08 |
| 257页;20cm |
| ISBN 7-81041-509-3:CNY22.00 |
| ● |
| 相关链接 |
|
|
|
正题名:星学宝典:《天官历书》与中国文化
索取号:B992.2/Z433
 
预约/预借
| 序号 | 登录号 | 条形码 | 馆藏地/架位号 | 状态 | 备注 |
| 1 | 495814 | 204958144 | 自科二线400A/400A自科库 13排2列3层/ [索取号:B992.2/Z433] | 在馆 | |
| 2 | 495815 | 204958153 | 自科二线400A/400A自科库 13排2列3层/ [索取号:B992.2/Z433] | 在馆 | |
| 3 | 495816 | 204958162 | 自科二线400A/400A自科库 13排2列3层/ [索取号:B992.2/Z433] | 在馆 | |
| 4 | 495817 | 204958171 | 自科二线400A/400A自科库 13排2列3层/ [索取号:B992.2/Z433] | 在馆 | |
| 5 | 495818 | 204958180 | 自科二线400A/400A自科库 13排2列3层/ [索取号:B992.2/Z433] | 在馆 | |
| 6 | 495819 | 204958199 | 自科二线400A/400A自科库 13排2列3层/ [索取号:B992.2/Z433] | 在馆 | |
| 7 | 495820 | 204958206 | 自科二线400A/400A自科库 13排2列3层/ [索取号:B992.2/Z433] | 在馆 | |
| 8 | 495821 | 204958215 | 自科二线400A/400A自科库 13排2列3层/ [索取号:B992.2/Z433] | 在馆 | |
| 9 | 495822 | 204958224 | 自科二线400A/400A自科库 13排2列3层/ [索取号:B992.2/Z433] | 在馆 | |
| 10 | 495823 | 204958233 | 自科二线400A/400A自科库 13排2列3层/ [索取号:B992.2/Z433] | 在馆 |